000 00412nam a22001577a 4500
003 OSt
005 20211122113028.0
008 211122b |||||||| |||| 00| 0 eng d
020 _a8127-0026-0
040 _cHawassa University
050 _a641.6/THU
_b1
082 _a641.6/THU
_b1
245 _aAdventures In Vegetarian Cooking
260 _aUSA
_bSouthern Publishing Association
_c1969
942 _2ddc
_cBOOKS
_n0
999 _c19472
_d19472